Principles of Marketing. (Record no. 349065)
[ view plain ]
| 000 -LEADER | |
|---|---|
| fixed length control field | 00334 a2200133 4500 |
| 082 ## - DEWEY DECIMAL CLASSIFICATION NUMBER | |
| Classification number | 658.8 |
| Author Mark | Kotler |
| 090 ## - LOCALLY ASSIGNED LC-TYPE CALL NUMBER (OCLC); LOCAL CALL NUMBER (RLIN) | |
| -- | 6715 |
| -- | 6715 |
| 245 ## - TITLE STATEMENT | |
| Title | Principles of Marketing. |
| Statement of responsibility, etc. | Kotler & Armstrong. |
| 250 ## - EDITION STATEMENT | |
| Edition statement | 9th. |
| 260 ## - PUBLICATION, DISTRIBUTION, ETC. | |
| Place of publication, distribution, etc. | New York. |
| Name of publisher, distributor, etc. | www.prenhall.com |
| Date of publication, distribution, etc. | 1993. |
| 300 ## - PHYSICAL DESCRIPTION | |
| Extent | 785p. |
| 500 ## - GENERAL NOTE | |
| General note | paper cover. |
| 942 ## - ADDED ENTRY ELEMENTS (KOHA) | |
| Institution code [OBSOLETE] | NBS |
| Koha item type | Book |
| Call number prefix | 658.8 KOT |
| Withdrawn status | Lost status | Damaged status | Not for loan | Permanent Location | Current Location | Date acquired | Total Checkouts | Full call number | Barcode | Date last seen | Date last checked out | Price effective from | Koha item type |
|---|---|---|---|---|---|---|---|---|---|---|---|---|---|
| Central Library (CL) | Central Library (CL) | 08/28/2013 | 2 | 658.8 KOT | NBS4263 | 09/27/2017 | 09/12/2017 | 08/28/2013 | Book |
